000 00676nam a2200265Ia 4500
003 OSt
005 20220912151545.0
006 a|||||r|||| 00| 0
007 ta
008 220909b |||||||| |||| 00| 0 eng d
024 _a19961
037 _cTextual
040 _aCSL
_beng
_cCSL
041 _aeng
082 _aB239MR, M8
100 _aKarpilovsky Gregory
245 0 _aUnit groups of classical rings
260 _aOxford
_bClarendon Press
_c1988
300 _a370p.
_ccm.
650 _a Groups
650 _a Rings
650 _aFields Algebraic-units
942 _hB239MR, M8
_cTEXL
_2CC
999 _c71294
_d71294